[Event "GBR-ch106 Major Open"]
[Site "Torquay"]
[Date "2019.07.29"]
[Round "3.12"]
[White "Rice, Chris B"]
[Black "Barton, R Alan"]
[Result "0-1"]
[WhiteElo "2040"]
[BlackElo "1941"]
[PlyCount "156"]
[EventDate "2019.07.27"]
[EventType "swiss"]
[EventRounds "9"]
[EventCountry "GBR"]

1. c4 e5 2. g3 Nc6 3. Nc3 d6 4. Bg2 Be6 5. d3 Qd7 6. Nd5 Nd8 7. e4 c6 8. Ne3 g6
9. Ne2 Bg7 10. d4 Qc7 11. O-O Ne7 12. b3 O-O 13. Ba3 f5 14. d5 cxd5 15. cxd5
Bd7 16. Rc1 Qb8 17. Qc2 Bb5 18. Nc4 Nf7 19. Nc3 Ba6 20. Bb4 Rc8 21. Qd3 Rc7 22.
a4 Qd8 23. Nb5 Bxb5 24. axb5 b6 25. Ra1 Rac8 26. Ra2 Qd7 27. Ne3 f4 28. Nc2 g5
29. Rfa1 g4 30. Bf1 Ng5 31. Be2 h5 32. Bd2 Ng6 33. Nb4 Qf7 34. Nc6 Nh3+ 35. Kf1
Rf8 36. Be1 Ra8 37. Ra6 fxg3 38. Qxg3 Rb7 39. Bd1 Bh6 40. R1a2 Bf4 41. Qc3 Ng5
42. f3 Nxe4 43. Qc4 Nf6 44. fxg4 hxg4 45. Kg1 Be3+ 46. Bf2 Bxf2+ 47. Rxf2 Nf4
48. Rxf4 exf4 49. Qxf4 Re8 50. Bxg4 Nxg4 51. Qxg4+ Qg7 52. Qxg7+ Rxg7+ 53. Kf2
Rf7+ 54. Kg3 Re3+ 55. Kg4 Rxb3 56. Rxa7 Rxb5 57. Ne7+ Kf8 58. Ng6+ Kg7 59.
Rxf7+ Kxf7 60. Nf4 Kf6 61. h4 Rb4 62. Kf3 b5 63. Ke3 Kf5 64. Ng2 Kg4 65. Kd3
Kf3 66. Ne1+ Kf2 67. Nc2 Rxh4 68. Nd4 Rxd4+ 69. Kxd4 Kf3 70. Kd3 Kf4 71. Kd4
Kf5 72. Kc3 Ke4 73. Kb4 Kxd5 74. Kxb5 Kd4 75. Kb4 d5 76. Kb3 Kd3 77. Kb2 d4 78.
Kc1 Ke2 0-1

[Event "GBR-ch106 Major Open"]
[Site "Torquay"]
[Date "2019.07.29"]
[Round "3.36"]
[White "Cowan, Richard M"]
[Black "Pattni, Kishan"]
[Result "1-0"]
[WhiteElo "1931"]
[BlackElo "1608"]
[PlyCount "63"]
[EventDate "2019.07.27"]
[EventType "swiss"]
[EventRounds "9"]
[EventCountry "GBR"]

1. e4 e5 2. Nf3 Nc6 3. Bb5 a6 4. Ba4 Nf6 5. Qe2 b5 6. Bb3 Bc5 7. O-O d6 8. c3
O-O 9. a4 b4 10. a5 h6 11. d3 Be6 12. Bxe6 fxe6 13. Nbd2 bxc3 14. bxc3 Rb8 15.
Nc4 Qe8 16. Be3 Bxe3 17. fxe3 Qh5 18. d4 Nxe4 19. dxe5 d5 20. Na3 Nxe5 21. c4
Ng4 22. cxd5 Rb3 23. Nc2 Nxh2 24. Ncd4 Ng3 25. Qxa6 Ng4 26. Qxe6+ Kh8 27. Nh4
Rxf1+ 28. Rxf1 Qxh4 29. Rf8+ Kh7 30. Qg8+ Kg6 31. Qf7+ Kg5 32. Nf3# 1-0

[Event "GBR-ch106 Major Open"]
[Site "Torquay"]
[Date "2019.07.29"]
[Round "3.37"]
[White "Mize, Dylan"]
[Black "Ifalore, Michael"]
[Result "0-1"]
[WhiteElo "1513"]
[BlackElo "1907"]
[PlyCount "74"]
[EventDate "2019.07.27"]
[EventType "swiss"]
[EventRounds "9"]
[EventCountry "GBR"]

1. d4 Nf6 2. c4 e6 3. Nc3 Bb4 4. e3 O-O 5. Nge2 d5 6. a3 Be7 7. Nf4 b6 8. cxd5
exd5 9. b4 Bb7 10. Be2 Bd6 11. O-O Bxf4 12. exf4 Ne4 13. Nxe4 dxe4 14. Be3 Qd6
15. Qc2 a5 16. b5 Nd7 17. Rfc1 Rac8 18. g3 h6 19. h4 Nf6 20. g4 Nd5 21. Qd2 Qd7
22. f5 h5 23. Qd1 hxg4 24. Bxg4 Qd6 25. f6 Nxe3 26. fxe3 Qg3+ 27. Kf1 Qxe3 28.
Bxc8 Bxc8 29. Qe2 Bh3+ 30. Ke1 Qxd4 31. Rd1 Qc3+ 32. Qd2 Qxf6 33. Qe3 Qxh4+ 34.
Kd2 Bg4 35. Re1 Rd8+ 36. Kc2 Qh2+ 37. Kc1 Rd3 0-1

[Event "GBR-ch106 Major Open"]
[Site "Torquay"]
[Date "2019.07.29"]
[Round "3.38"]
[White "Kirupakaran, Vishnu"]
[Black "Hussain, Adam"]
[Result "1-0"]
[WhiteElo "1771"]
[BlackElo "1515"]
[PlyCount "141"]
[EventDate "2019.07.27"]
[EventType "swiss"]
[EventRounds "9"]
[EventCountry "GBR"]

1. e4 e6 2. d4 d5 3. Nc3 Bb4 4. e5 Ne7 5. a3 Bxc3+ 6. bxc3 c5 7. Qg4 Qc7 8. Bd3
cxd4 9. Ne2 dxc3 10. Qxg7 Rg8 11. Qxh7 Qxe5 12. h4 Nd7 13. Bf4 Qf6 14. Bg5 Qh8
15. Qxh8 Rxh8 16. Nxc3 a6 17. O-O-O f6 18. Be3 b5 19. f3 Bb7 20. Ne2 Ne5 21.
Nf4 Kf7 22. Be2 Nf5 23. Bf2 Rac8 24. g4 Nd6 25. g5 Ndc4 26. Nd3 Nxd3+ 27. Bxd3
Nxa3 28. g6+ Kg7 29. h5 Nc4 30. h6+ Kg8 31. g7 Rh7 32. Bd4 e5 33. Bf5 Re8 34.
Bf2 Nd6 35. Bxh7+ Kxh7 36. Bh4 f5 37. Rdg1 d4 38. g8=Q+ Rxg8 39. Rxg8 Kxg8 40.
Be7 Ne8 41. Re1 e4 42. fxe4 Bxe4 43. Rd1 Kh7 44. Bg5 Nc7 45. Rxd4 Nd5 46. c4
bxc4 47. Rxc4 Kg6 48. Rc6+ Kh7 49. Rxa6 Bf3 50. Ra7+ Kh8 51. Kd2 Be4 52. Bh4 f4
53. Bf2 Kg8 54. Bd4 f3 55. Rg7+ Kf8 56. h7 Bxh7 57. Rxh7 f2 58. Bxf2 Nf6 59.
Ra7 Ke8 60. Kd3 Kf8 61. Kd4 Ke8 62. Bh4 Nd7 63. Kd5 Nf8 64. Kd6 Ng6 65. Bf6 Kf8
66. Bg7+ Kg8 67. Ke6 Nf4+ 68. Kf5 Ng6 69. Bf6 Nf8 70. Be7 Nh7 71. Kg6 1-0

[Event "GBR-ch106 Major Open"]
[Site "Torquay"]
[Date "2019.07.29"]
[Round "3.39"]
[White "Rushbrooke, Tibo"]
[Black "Donnelly, Andrew J"]
[Result "1-0"]
[WhiteElo "1700"]
[BlackElo "1385"]
[PlyCount "59"]
[EventDate "2019.07.27"]
[EventType "swiss"]
[EventRounds "9"]
[EventCountry "GBR"]

1. e4 c5 2. Nc3 Nc6 3. Bb5 g6 4. Bxc6 bxc6 5. f4 d6 6. Nf3 Bg7 7. O-O e6 8. Qe1
Ne7 9. d3 O-O 10. Qh4 f6 11. Kh1 d5 12. Bd2 Rb8 13. Rab1 Ba6 14. Rg1 Qd7 15.
Na4 Qd6 16. e5 Qc7 17. Nxc5 Bc8 18. Bc3 Nf5 19. Qf2 Bh6 20. g4 d4 21. gxf5 dxc3
22. fxg6 cxb2 23. Qh4 Kg7 24. exf6+ Rxf6 25. gxh7+ Kxh7 26. Qxf6 Bg7 27. Ng5+
Kh8 28. Qg6 Kg8 29. Qh7+ Kf8 30. Ngxe6+ 1-0

[Event "GBR-ch106 Major Open"]
[Site "Torquay"]
[Date "2019.07.30"]
[Round "4.5"]
[White "Barton, R Alan"]
[Black "Turner, Max N"]
[Result "0-1"]
[WhiteElo "1941"]
[BlackElo "2026"]
[PlyCount "136"]
[EventDate "2019.07.27"]
[EventType "swiss"]
[EventRounds "9"]
[EventCountry "GBR"]

1. Nf3 d5 2. d4 Nf6 3. e3 c5 4. b3 cxd4 5. exd4 Nc6 6. a3 Bg4 7. Be2 e6 8. O-O
Bd6 9. Bb2 O-O 10. Ne5 Bxe2 11. Qxe2 a5 12. Nd2 a4 13. Nxc6 bxc6 14. b4 Bf4 15.
Nf3 Ne4 16. g3 Bc7 17. c4 f5 18. Ne5 Bxe5 19. dxe5 Ng5 20. f3 Qb6+ 21. Kg2 Rad8
22. c5 Qb7 23. Bd4 Rb8 24. Qc2 Qb5 25. h4 Nf7 26. Rf2 Rbd8 27. h5 Qc4 28. Qd1
g6 29. Rc1 Qb5 30. Qd2 Kg7 31. Rh1 Rg8 32. g4 Kf8 33. hxg6 hxg6 34. Rh7 Rg7 35.
Rxg7 Kxg7 36. Kg1 Qc4 37. Rg2 Rg8 38. Qe3 Kf8 39. Rh2 Rg7 40. Qc3 Qxc3 41. Bxc3
Ng5 42. Rh8+ Ke7 43. gxf5 gxf5 44. Kf2 Rh7 45. Rg8 Rh2+ 46. Kg3 Rc2 47. Bd4 Nf7
48. Ra8 Rc4 49. Ra7+ Ke8 50. Ra8+ Ke7 51. Ra7+ Kf8 52. Ra8+ Kg7 53. Bb2 Rc2 54.
Bd4 Rd2 55. Be3 Rd3 56. Bc1 Rc3 57. Bb2 Rb3 58. Bc1 Nxe5 59. Rxa4 Nxf3 60. Kf4
Kf6 61. Ra8 Ne5 62. Rf8+ Nf7 63. Rxf7+ Kxf7 64. Ke5 Ke7 65. Bd2 Rxa3 66. b5 Ra4
67. Bb4 Rxb4 68. bxc6 Re4# 0-1

[Event "GBR-ch106 Major Open"]
[Site "Torquay"]
[Date "2019.07.30"]
[Round "4.7"]
[White "Modi, Kishan J"]
[Black "Ethelontis, Alexandros N"]
[Result "1-0"]
[WhiteElo "1923"]
[BlackElo "2154"]
[PlyCount "123"]
[EventDate "2019.07.27"]
[EventType "swiss"]
[EventRounds "9"]
[EventCountry "GBR"]

1. e4 e6 2. d4 d5 3. Nc3 Bb4 4. e5 c5 5. a3 Bxc3+ 6. bxc3 Ne7 7. Qg4 Kf8 8. a4
Qc7 9. Nf3 cxd4 10. Qxd4 Nbc6 11. Qc5 b6 12. Qd6 Qxd6 13. exd6 Ng6 14. Ba3 Bd7
15. O-O-O Na5 16. h4 h5 17. Bb4 Nc6 18. Ba3 Na5 19. Bb4 Nc6 20. Ba3 Nge5 21.
Nxe5 Nxe5 22. Re1 f6 23. f4 Ng4 24. c4 d4 25. c5 Kf7 26. f5 Ne5 27. fxe6+ Bxe6
28. Ba6 Bd5 29. Rhf1 Ke6 30. g3 Rhg8 31. Rf4 d3 32. cxd3 bxc5 33. Bxc5 Kd7 34.
Bb5+ Bc6 35. d4 Ng6 36. Rf5 a6 37. Bc4 Rge8 38. Rxe8 Kxe8 39. a5 Kd7 40. Rxh5
Bb5 41. Bd5 Rh8 42. Rxh8 Nxh8 43. Kd2 Ng6 44. Be4 Nf8 45. d5 Ke8 46. Bd3 Bxd3
47. Kxd3 Kd7 48. Ke4 Ke8 49. Kf5 Kf7 50. g4 Nd7 51. Bd4 Nf8 52. Bb6 Nd7 53. h5
Nf8 54. Ke4 Ke8 55. Bd4 Kf7 56. Kf5 Nd7 57. g5 fxg5 58. Kxg5 Nf8 59. Kf5 Nd7
60. Bxg7 Kxg7 61. Ke6 Nc5+ 62. Ke7 1-0

[Event "GBR-ch106 Major Open"]
[Site "Torquay"]
[Date "2019.07.30"]
[Round "4.8"]
[White "Brown, Tom"]
[Black "Price, Gwilym T"]
[Result "1/2-1/2"]
[WhiteElo "1953"]
[BlackElo "2138"]
[PlyCount "51"]
[EventDate "2019.07.27"]
[EventType "swiss"]
[EventRounds "9"]
[EventCountry "GBR"]

1. d4 Nf6 2. Nf3 g6 3. Nbd2 Bg7 4. e4 d6 5. Bd3 O-O 6. O-O Nbd7 7. Re1 e5 8. c3
b6 9. a4 a6 10. Nf1 Re8 11. Ng3 Bb7 12. h4 d5 13. dxe5 Nxe4 14. Nxe4 dxe4 15.
Bxe4 Bxe4 16. Rxe4 Nxe5 17. Bg5 Qc8 18. Nxe5 Bxe5 19. Qe2 Bd6 20. Re1 Rxe4 21.
Qxe4 Rb8 22. Bh6 Bf8 23. Bxf8 Qxf8 24. Qc4 Re8 25. Rxe8 Qxe8 26. Qxa6 1/2-1/2

[Event "GBR-ch106 Major Open"]
[Site "Torquay"]
[Date "2019.07.30"]
[Round "4.35"]
[White "Ingham, H William"]
[Black "Wilson, Matthew R"]
[Result "0-1"]
[WhiteElo "1854"]
[BlackElo "1817"]
[PlyCount "96"]
[EventDate "2019.07.27"]
[EventType "swiss"]
[EventRounds "9"]
[EventCountry "GBR"]

1. d4 d5 2. Nf3 Nf6 3. e3 e6 4. Bd3 b6 5. Nbd2 Bb7 6. Qe2 Ne4 7. O-O Bd6 8. c4
O-O 9. cxd5 exd5 10. Rd1 Nd7 11. Nf1 f5 12. N3d2 Qe7 13. f4 Ndf6 14. Nxe4 Nxe4
15. Nd2 Nxd2 16. Bxd2 a5 17. Qf3 g6 18. Rac1 c5 19. a4 c4 20. Bc2 Bb4 21. Qf2
Rfe8 22. Re1 Rac8 23. Bc3 Rc6 24. Re2 Re6 25. Rd1 Bxc3 26. bxc3 Qa3 27. Qg3
Qxc3 28. Bxf5 R6e7 29. Bb1 Rg7 30. Qg5 Qb4 31. f5 gxf5 32. Qxf5 Qxa4 33. Rf1
Qb4 34. Ref2 Qe7 35. Rf3 b5 36. Qc2 a4 37. Kh1 a3 38. Qf2 b4 39. Bf5 Bc8 40.
Bxc8 Rxc8 41. Rf5 Rd8 42. Qf3 b3 43. Rxd5 a2 44. Re5 Qd7 45. Rf5 h6 46. Qe2
Qxf5 47. Rxf5 a1=Q+ 48. Rf1 Qc3 0-1

[Event "GBR-ch106 Major Open"]
[Site "Torquay"]
[Date "2019.07.30"]
[Round "4.36"]
[White "Pattni, Kishan"]
[Black "Gogia, Armaan"]
[Result "1-0"]
[WhiteElo "1608"]
[BlackElo "1754"]
[PlyCount "89"]
[EventDate "2019.07.27"]
[EventType "swiss"]
[EventRounds "9"]
[EventCountry "GBR"]

1. f4 c5 2. Nf3 Nc6 3. b3 Nf6 4. Bb2 g6 5. e3 Bg7 6. Bb5 O-O 7. Bxc6 bxc6 8.
O-O d5 9. Ne5 Qd6 10. Qf3 Bf5 11. d3 Nd7 12. Qg3 h5 13. Nd2 Bf6 14. Nxd7 Bxd7
15. Bxf6 Qxf6 16. e4 Qc3 17. Nf3 dxe4 18. Ne5 exd3 19. Rad1 Bf5 20. Nxc6 Qf6
21. Ne5 dxc2 22. Rc1 Rfd8 23. Qf3 Rd2 24. Qxa8+ Kg7 25. Qf3 Qd6 26. Nc4 Qd4+
27. Qe3 Be4 28. Qxd4+ Rxd4 29. Ne3 Rd3 30. Rfe1 Rd2 31. Rf1 Re2 32. Rfe1 Rd2
33. h3 e6 34. h4 Kh7 35. Kh2 Kg7 36. Kg3 f5 37. Rg1 Kf6 38. Nc4 Rd4 39. Rge1
Kg7 40. Rxe4 fxe4 41. Rxc2 Kf6 42. Ne5 Rd5 43. Rxc5 Rd2 44. Rc7 Rd3+ 45. Kh2
1-0

[Event "GBR-ch106 Major Open"]
[Site "Torquay"]
[Date "2019.07.30"]
[Round "4.37"]
[White "Hussain, Adam"]
[Black "Mize, Dylan"]
[Result "1-0"]
[WhiteElo "1515"]
[BlackElo "1513"]
[PlyCount "43"]
[EventDate "2019.07.27"]
[EventType "swiss"]
[EventRounds "9"]
[EventCountry "GBR"]

1. d4 c6 2. c4 d5 3. Nf3 Nf6 4. Nc3 Nbd7 5. Bg5 e6 6. e4 h6 7. Bxf6 Nxf6 8. Qc2
Bb4 9. e5 Ne4 10. Bd3 Nxc3 11. bxc3 Be7 12. O-O dxc4 13. Bxc4 Qa5 14. Rfd1 b5
15. Bd3 O-O 16. Rdb1 a6 17. a4 bxa4 18. Rxa4 Qc7 19. Qe2 a5 20. Nd2 c5 21. Qe4
g6 22. Qxa8 1-0

[Event "GBR-ch106 Major Open"]
[Site "Torquay"]
[Date "2019.07.31"]
[Round "5.1"]
[White "Clarke, Brandon GI"]
[Black "Turner, Max N"]
[Result "1-0"]
[WhiteElo "2433"]
[BlackElo "2026"]
[PlyCount "87"]
[EventDate "2019.07.27"]
[EventType "swiss"]
[EventRounds "9"]
[EventCountry "GBR"]

1. e4 c5 2. Nf3 e6 3. d4 cxd4 4. Nxd4 Nc6 5. Nc3 Qc7 6. Be3 a6 7. Qd2 Nf6 8. f4
Bb4 9. Bd3 Na5 10. a3 Bxc3 11. Qxc3 Qxc3+ 12. bxc3 d5 13. exd5 exd5 14. Nb3 Nc4
15. Bd4 Ne4 16. a4 O-O 17. O-O Bd7 18. Nc5 Nxc5 19. Bxc5 Rfc8 20. Bd4 Nb2 21.
a5 Nxd3 22. cxd3 Bb5 23. Rf3 f6 24. Kf2 Re8 25. g4 Re7 26. Re1 Rae8 27. Rxe7
Rxe7 28. h4 Kf7 29. g5 Re8 30. h5 h6 31. Rg3 Rg8 32. Ke3 hxg5 33. fxg5 Rh8 34.
h6 gxh6 35. gxf6 Rg8 36. Rh3 Be8 37. Rxh6 Ke6 38. Kf4 Rg6 39. Rh8 Bc6 40. Rh7
Rxf6+ 41. Bxf6 Kxf6 42. Rh6+ Kf7 43. Ke5 Ke7 44. Rh7+ 1-0

[Event "GBR-ch106 Major Open"]
[Site "Torquay"]
[Date "2019.07.31"]
[Round "5.36"]
[White "Hussain, Adam"]
[Black "Camp, Imogen AL"]
[Result "0-1"]
[WhiteElo "1515"]
[BlackElo "1850"]
[PlyCount "48"]
[EventDate "2019.07.27"]
[EventType "swiss"]
[EventRounds "9"]
[EventCountry "GBR"]

1. d4 d5 2. Nc3 Nf6 3. Bg5 e6 4. e4 dxe4 5. Nxe4 Be7 6. Bxf6 Bxf6 7. c3 O-O 8.
f4 Be7 9. Nf3 Nd7 10. Bd3 c5 11. Qe2 cxd4 12. cxd4 Nf6 13. O-O Nd5 14. g3 a5
15. a3 Bd7 16. Ne5 Ba4 17. f5 Qb6 18. fxe6 Qxd4+ 19. Kh1 Qxe5 20. exf7+ Kh8 21.
Qg4 Bc6 22. Rf5 Qxb2 23. Re1 Qd4 24. Rh5 Nf6 0-1

[Event "GBR-ch106 Major Open"]
[Site "Torquay"]
[Date "2019.07.31"]
[Round "5.37"]
[White "Gogia, Armaan"]
[Black "Ingham, H William"]
[Result "1/2-1/2"]
[WhiteElo "1754"]
[BlackElo "1854"]
[PlyCount "69"]
[EventDate "2019.07.27"]
[EventType "swiss"]
[EventRounds "9"]
[EventCountry "GBR"]

1. e4 d5 2. exd5 Nf6 3. c4 e6 4. dxe6 Bxe6 5. Nf3 Qe7 6. Qe2 Nc6 7. d3 O-O-O 8.
a3 Qd7 9. Be3 Ng4 10. Nc3 Bd6 11. O-O-O Rhe8 12. g3 Nxe3 13. fxe3 Ne5 14. Nxe5
Bxe5 15. Qc2 Bg4 16. Re1 Bf3 17. Rg1 Bf6 18. Qf2 Bc6 19. d4 b6 20. Bg2 Kb8 21.
h4 Bxg2 22. Qxg2 Re6 23. Nd5 Rc6 24. Nxf6 Rxc4+ 25. Kb1 gxf6 26. Rc1 Rxc1+ 27.
Rxc1 Qd5 28. Qxd5 Rxd5 29. Rf1 f5 30. Kc2 Kc8 31. Kd3 Kd8 32. Rf2 Ke7 33. e4
fxe4+ 34. Kxe4 Rd6 35. Rf5 1/2-1/2

[Event "GBR-ch106 Major Open"]
[Site "Torquay"]
[Date "2019.07.31"]
[Round "5.38"]
[White "Mize, Dylan"]
[Black "Donnelly, Andrew J"]
[Result "1-0"]
[WhiteElo "1513"]
[BlackElo "1385"]
[PlyCount "63"]
[EventDate "2019.07.27"]
[EventType "swiss"]
[EventRounds "9"]
[EventCountry "GBR"]

1. d4 Nf6 2. c4 g6 3. Nc3 Bg7 4. Nf3 d6 5. Bg5 O-O 6. e3 Nbd7 7. Be2 c5 8. Qc2
a6 9. O-O h6 10. Bh4 g5 11. Bg3 Nh5 12. Nxg5 hxg5 13. Bxh5 Nf6 14. Be2 cxd4 15.
exd4 Bd7 16. a3 Rc8 17. Qd2 Nh7 18. f4 g4 19. f5 Qb6 20. Rad1 e5 21. Nd5 Qd8
22. dxe5 dxe5 23. f6 Nxf6 24. Nxf6+ Bxf6 25. Qxd7 Qb6+ 26. Kh1 Bg7 27. Qf5 Qxb2
28. Bd3 f6 29. Bh4 Rc6 30. Qh7+ Kf7 31. Bg6+ Ke6 32. Qxg7 1-0

[Event "GBR-ch106 Major Open"]
[Site "Torquay"]
[Date "2019.08.01"]
[Round "6.36"]
[White "Gogia, Armaan"]
[Black "Cowan, Richard M"]
[Result "1-0"]
[WhiteElo "1754"]
[BlackElo "1931"]
[PlyCount "53"]
[EventDate "2019.07.27"]
[EventType "swiss"]
[EventRounds "9"]
[EventCountry "GBR"]

1. e4 c6 2. d4 d5 3. exd5 cxd5 4. c4 Nf6 5. Nc3 e6 6. Nf3 Bb4 7. cxd5 Qxd5 8.
Bd3 a6 9. O-O Bxc3 10. bxc3 b5 11. a4 Bb7 12. axb5 axb5 13. Rxa8 Bxa8 14. Ba3
Bc6 15. Qb1 Na6 16. Re1 Nc7 17. Qb4 Qd7 18. Ne5 Nfd5 19. Qc5 Na6 20. Qxc6 Qxc6
21. Nxc6 Nac7 22. Rc1 f6 23. Na7 Nf4 24. Bf1 Kf7 25. Bd6 Ncd5 26. Bxf4 Nxf4 27.
g3 1-0

[Event "GBR-ch106 Major Open"]
[Site "Torquay"]
[Date "2019.08.01"]
[Round "6.37"]
[White "Ingham, H William"]
[Black "Mize, Dylan"]
[Result "1-0"]
[WhiteElo "1854"]
[BlackElo "1513"]
[PlyCount "99"]
[EventDate "2019.07.27"]
[EventType "swiss"]
[EventRounds "9"]
[EventCountry "GBR"]

1. d4 c6 2. Nf3 d5 3. e3 Nf6 4. c4 a6 5. cxd5 cxd5 6. Nc3 Nc6 7. Bd2 e6 8. Rc1
Bd6 9. a3 Ne4 10. Be2 O-O 11. O-O f5 12. Na4 Qe7 13. b4 Bd7 14. Nc5 Be8 15. Bc3
Bh5 16. Ne5 Bxe2 17. Qxe2 Nxc3 18. Rxc3 Nxe5 19. dxe5 Bxe5 20. Rc2 Rfc8 21.
Rfc1 Rc7 22. Nd3 Rxc2 23. Qxc2 Bd6 24. Qb3 Rd8 25. g3 Rd7 26. a4 Rc7 27. Rb1 b5
28. axb5 axb5 29. Ra1 Ra7 30. Ra5 Qc7 31. Qa2 Rxa5 32. bxa5 Qc4 33. Qa1 Qxd3
34. a6 Bc5 35. Qa5 h6 36. Qc7 Qc4 37. Qc8+ Kf7 38. Qd7+ Kf6 39. h4 b4 40. Qd8+
Be7 41. Qa5 b3 42. Qa1+ Kf7 43. a7 Qc2 44. Qa4 Qc1+ 45. Kg2 b2 46. a8=Q b1=Q
47. Q8e8+ Kf6 48. Qd4+ e5 49. Qxe5+ Kxe5 50. Qxe7# 1-0

[Event "GBR-ch106 Major Open"]
[Site "Torquay"]
[Date "2019.08.01"]
[Round "6.38"]
[White "Donnelly, Andrew J"]
[Black "Pattni, Kishan"]
[Result "0-1"]
[WhiteElo "1385"]
[BlackElo "1608"]
[PlyCount "56"]
[EventDate "2019.07.27"]
[EventType "swiss"]
[EventRounds "9"]
[EventCountry "GBR"]

1. e4 c5 2. Nf3 d6 3. d4 cxd4 4. Nxd4 a6 5. Nc3 e5 6. Nf3 Nf6 7. Bc4 Be7 8. O-O
h6 9. a4 Nc6 10. Re1 Bg4 11. h3 Bd7 12. Nd5 Nxd5 13. Bxd5 g5 14. c3 g4 15. hxg4
Bxg4 16. Qd3 Qd7 17. b4 a5 18. b5 Nd8 19. Ba3 Rc8 20. Nd2 Ne6 21. Bc4 Nf4 22.
Qe3 Rg8 23. g3 h5 24. Kh2 Bg5 25. Qb6 Be2 26. Bxf7+ Kxf7 27. Kg1 Qh3 28. Qxb7+
Be7 0-1

[Event "GBR-ch106 Major Open"]
[Site "Torquay"]
[Date "2019.08.02"]
[Round "7.34"]
[White "Hussain, Adam"]
[Black "May, Paul"]
[Result "1-0"]
[WhiteElo "1515"]
[BlackElo "1832"]
[PlyCount "97"]
[EventDate "2019.07.27"]
[EventType "swiss"]
[EventRounds "9"]
[EventCountry "GBR"]

1. d4 g6 2. Nc3 Bg7 3. e4 a6 4. f4 b5 5. Nf3 d6 6. Bd3 Bb7 7. Be3 Nd7 8. O-O
Nh6 9. Ng5 Nf8 10. Ne2 f6 11. Nh3 Ng4 12. Bd2 d5 13. e5 f5 14. a4 c6 15. Ng5 h6
16. Nf3 h5 17. Qe1 Ne6 18. h3 Nh6 19. Nh4 Nf8 20. Qg3 Rg8 21. Rf3 e6 22. Bb4
Nf7 23. Rff1 g5 24. fxg5 Nxg5 25. Nf4 Kd7 26. Nxh5 Nfh7 27. Nxf5 Bh8 28. Ne7
Ne4 29. Qxg8 Qxg8 30. Nxg8 Nhg5 31. Ngf6+ Bxf6 32. Nxf6+ Kc7 33. Nxe4 dxe4 34.
Bd6+ Kd7 35. Be2 Rg8 36. Bg4 c5 37. axb5 axb5 38. h4 Nf3+ 39. gxf3 exf3 40. Ra7
Rxg4+ 41. Kf2 Rg2+ 42. Ke1 Kc8 43. Rxb7 Kxb7 44. Bxc5 Rxc2 45. b4 Kc6 46. Rxf3
Rh2 47. Rf4 Kd5 48. Kf1 Ra2 49. Kg1 1-0

[Event "GBR-ch106 Major Open"]
[Site "Torquay"]
[Date "2019.08.02"]
[Round "7.36"]
[White "Renshaw, Lucas"]
[Black "Lim, Mark"]
[Result "1-0"]
[WhiteElo "1596"]
[BlackElo "1822"]
[PlyCount "125"]
[EventDate "2019.07.27"]
[EventType "swiss"]
[EventRounds "9"]
[EventCountry "GBR"]

1. e4 e6 2. d4 d5 3. Nc3 Nf6 4. Bg5 dxe4 5. Nxe4 Nbd7 6. Nxf6+ Nxf6 7. Nf3 h6
8. Bh4 c5 9. Bb5+ Bd7 10. Bxd7+ Qxd7 11. dxc5 Qxd1+ 12. Rxd1 Bxc5 13. Bxf6 gxf6
14. O-O Ke7 15. Rd3 Rhd8 16. Rfd1 Rxd3 17. Rxd3 Rd8 18. Rxd8 Kxd8 19. Kf1 Ke7
20. Nd2 f5 21. Ke2 Kf6 22. c3 Ke5 23. b4 Be7 24. Kd3 b5 25. Nb3 Kd5 26. Nd4 a6
27. Nc2 f4 28. f3 e5 29. g4 Bg5 30. Na1 Bd8 31. Nb3 Bb6 32. Nd2 Bd8 33. Ne4 Be7
34. h3 Ke6 35. a3 Kd5 36. Nd2 Bd6 37. c4+ bxc4+ 38. Nxc4 f6 39. h4 Bc7 40. a4
Bd8 41. h5 Bc7 42. Nd2 Bd8 43. Nb1 Be7 44. Nc3+ Kc6 45. Kc4 Bd8 46. b5+ axb5+
47. axb5+ Kb7 48. Kd5 Kb6 49. Kd6 Bc7+ 50. Kd7 Bb8 51. Ke6 Kc5 52. Kxf6 Kd4 53.
Ne4 Ke3 54. g5 hxg5 55. Nxg5 e4 56. fxe4 f3 57. Nxf3 Kxe4 58. Ng5+ Kd5 59. h6
Be5+ 60. Kf5 Bh8 61. Ne6 Kd6 62. Ng7 Kc5 63. Kg6 1-0

[Event "GBR-ch106 Major Open"]
[Site "Torquay"]
[Date "2019.08.02"]
[Round "7.37"]
[White "Mize, Dylan"]
[Black "Morgan, Jamie"]
[Result "0-1"]
[WhiteElo "1513"]
[BlackElo "1894"]
[PlyCount "44"]
[EventDate "2019.07.27"]
[EventType "swiss"]
[EventRounds "9"]
[EventCountry "GBR"]

1. d4 Nf6 2. c4 c5 3. d5 b5 4. cxb5 a6 5. bxa6 g6 6. Nc3 Bg7 7. Nf3 O-O 8. Qc2
Qa5 9. Bd2 Nxa6 10. e4 Nb4 11. Qc1 Ba6 12. a4 Rfb8 13. Ra3 Bxf1 14. Kxf1 d6 15.
Nb5 Nxe4 16. Bh6 Nxd5 17. h4 Qb4 18. Bxg7 Kxg7 19. h5 Rh8 20. h6+ Kf8 21. Qd1
Qxb2 22. Qe1 Rxa4 0-1

[Event "GBR-ch106 Major Open"]
[Site "Torquay"]
[Date "2019.08.02"]
[Round "7.38"]
[White "Cowan, Richard M"]
[Black "Donnelly, Andrew J"]
[Result "0-1"]
[WhiteElo "1931"]
[BlackElo "1385"]
[PlyCount "67"]
[EventDate "2019.07.27"]
[EventType "swiss"]
[EventRounds "9"]
[EventCountry "GBR"]

1. Nf3 b5 2. e3 a6 3. a4 b4 4. c3 e6 5. d4 Bb7 6. Bd3 Nf6 7. O-O Be7 8. Nbd2
O-O 9. c4 c5 10. b3 d6 11. Bb2 Nbd7 12. Qc2 h6 13. Rad1 d5 14. Ne5 Qc7 15. f4
Nxe5 16. fxe5 dxc4 17. bxc4 Ng4 18. Rde1 Bg5 19. Nf3 Bxe3+ 20. Kh1 cxd4 21.
Nxd4 Qxe5 22. Nf3 Qh5 23. h3 Bc5 24. Qe2 Ne3 25. Rf2 Rad8 26. Bc1 Nf5 27. Bxf5
Qxf5 28. Be3 Bxe3 29. Qxe3 Rd3 30. Qe5 Qg6 31. Nd2 Rxh3+ 32. Kg1 Rg3 33. Ne4
Rg4 34. Kf1 0-1

[Event "GBR-ch106 Major Open"]
[Site "Torquay"]
[Date "2019.08.03"]
[Round "8.17"]
[White "Camp, Imogen AL"]
[Black "Barton, R Alan"]
[Result "1/2-1/2"]
[WhiteElo "1850"]
[BlackElo "1941"]
[PlyCount "107"]
[EventDate "2019.07.27"]
[EventType "swiss"]
[EventRounds "9"]
[EventCountry "GBR"]

1. d4 d5 2. c4 e5 3. dxe5 d4 4. Nf3 Nc6 5. a3 a5 6. e3 Bc5 7. exd4 Bxd4 8. Nxd4
Qxd4 9. Nc3 Qxd1+ 10. Nxd1 Nxe5 11. Bf4 f6 12. Nc3 Bf5 13. O-O-O Ne7 14. Nb5
O-O 15. Nxc7 Rac8 16. Bxe5 fxe5 17. Nb5 Be6 18. Nd6 Rc7 19. f3 Nf5 20. Nxf5
Rxf5 21. Bd3 Rf8 22. Rhe1 Bxc4 23. Bxc4+ Rxc4+ 24. Kb1 Rc5 25. Re4 h6 26. Rde1
Rf5 27. R1e3 h5 28. g4 hxg4 29. fxg4 Rf1+ 30. Ka2 Rcc1 31. Kb3 Rf2 32. Rxe5
Rcc2 33. Rxa5 Rxb2+ 34. Kc4 Rxh2 35. Ra7 Rhg2 36. Re4 Kf7 37. Kd5 Kf6 38. Kd6
Rgc2 39. Raa4 Rc6+ 40. Kd5 Rd2+ 41. Red4 Rxd4+ 42. Rxd4 Kg5 43. a4 g6 44. Rb4
Ra6 45. Kc5 Kh4 46. Rb6 Kxg4 47. Rxa6 bxa6 48. Kb6 g5 49. Kxa6 Kf4 50. Kb7 g4
51. a5 g3 52. a6 g2 53. a7 g1=Q 54. a8=Q 1/2-1/2

[Event "GBR-ch106 Major Open"]
[Site "Torquay"]
[Date "2019.08.04"]
[Round "9.1"]
[White "Clarke, Brandon GI"]
[Black "Balaji, Aaravamudhan"]
[Result "1-0"]
[WhiteElo "2433"]
[BlackElo "2034"]
[PlyCount "105"]
[EventDate "2019.07.27"]
[EventType "swiss"]
[EventRounds "9"]
[EventCountry "GBR"]

1. d4 g6 2. e4 Bg7 3. Nc3 d5 4. exd5 Nf6 5. Bc4 Nbd7 6. Nf3 Nb6 7. Bb3 Nbxd5 8.
Ne2 a5 9. a3 a4 10. Ba2 O-O 11. O-O b5 12. Re1 Bb7 13. Nf4 Qd6 14. Nd3 Nd7 15.
Bg5 Rfe8 16. c3 c5 17. dxc5 Nxc5 18. Nxc5 Qxc5 19. Bxd5 Bxd5 20. Rxe7 Red8 21.
Qe2 h6 22. Bh4 g5 23. Bg3 Bxf3 24. gxf3 Qf5 25. Kg2 h5 26. h3 h4 27. Bh2 Rd3
28. Re1 Bf6 29. Qe4 Qxe4 30. R7xe4 Rad8 31. R1e2 R8d5 32. f4 g4 33. hxg4 h3+
34. Kf1 Bh4 35. f5 Rf3 36. Rc2 Rfd3 37. Ke2 Bg5 38. f4 Bh4 39. Re3 Rxe3+ 40.
Kxe3 Rd1 41. g5 Rd5 42. Kf3 Be1 43. Re2 Rd1 44. f6 Bd2 45. Kg4 Bc1 46. f5 Rd2
47. Re8+ Kh7 48. g6+ fxg6 49. Re7+ Kg8 50. fxg6 Rg2+ 51. Bg3 Bh6 52. Re8+ Bf8
53. Kxh3 1-0